|
|
|
|
| LEADER |
01321nam a2200289 u 4500 |
| 001 |
10027270 |
| 003 |
upatras |
| 005 |
20210117210003.0 |
| 008 |
990123s1997 uk eng |
| 020 |
|
|
|a 0521589274
|
| 040 |
|
|
|a GR-PaULI
|c GR-PaULI
|
| 041 |
0 |
|
|a eng
|
| 082 |
0 |
4 |
|a 621.402
|
| 100 |
1 |
|
|a Warhaft, Z.
|9 153099
|
| 245 |
1 |
0 |
|a An introduction to thermal-fluid engineering
|b the engine and the atmosphere
|c Z. Warhaft
|
| 260 |
|
|
|a Cambridge
|a New York
|b Cambridge University Press
|c 1997
|
| 300 |
|
|
|a xv, 241 p.
|b fig.
|c 26 cm.
|
| 504 |
|
|
|a Includes bibliographical references and index
|
| 650 |
|
4 |
|a Θεωρία εσωτερικής καύσεως
|9 37944
|
| 650 |
|
4 |
|9 4173
|a Θερμοδυναμική
|
| 852 |
|
|
|a GR-PaULI
|b ΠΑΤΡΑ
|b ΒΚΠ
|b ΒΣ1
|k ΑΣΧΞ
|h 621.402 W
|m 046109
|p 025000059487
|t 1
|
| 852 |
|
|
|a GR-PaULI
|b ΠΑΤΡΑ
|b ΒΚΠ
|b ΒΣ1
|k ΑΣΧΞ
|h 621.402 W
|m 059107
|p 025000078634
|t 2
|
| 942 |
|
|
|2 ddc
|c BK15
|
| 952 |
|
|
|0 0
|1 0
|4 0
|6 621_402000000000000_W
|7 0
|9 197728
|a LISP
|b LISP
|c BSC
|d 2016-04-24
|i 046109
|l 0
|o 621.402 W
|p 025000059487
|r 2016-04-24 00:00:00
|t 1
|w 2016-04-24
|y BK15
|
| 952 |
|
|
|0 0
|1 0
|4 0
|6 621_402000000000000_W
|7 0
|9 197729
|a LISP
|b LISP
|c BSC
|d 2016-04-24
|i 059107
|l 0
|o 621.402 W
|p 025000078634
|r 2016-04-24 00:00:00
|t 2
|w 2016-04-24
|y BK15
|
| 998 |
|
|
|c ΠΑΝΑΓΟΠΟΥΛΟΥ
|d 1999-08
|
| 999 |
|
|
|c 121457
|d 121457
|